000 00730nam a2200205 a 4500
008 120416s1972 ||||||||||||||||| || u
020 _a0070167605
050 _aNA 1996 Dib
100 _aDibner, David R., 1926-
245 1 0 _aJoint ventures for architects and engineers
260 _aNew York:
_bMcGraw-Hill
_c1972
300 _axiii, 205p : ill.
350 _a0.00
650 _aARCHITECTURAL DESIGN--EVALUATION
650 _aJoint ventures - United States
650 _aENGINEERING--UNITED STATES
650 _aTEXTBOOKS
650 _aCONTRACTORS' OPERATIONS
995 _D0.00
_FCBU-MAIN LIBRARY (Kitwe)
_H1
_I16.50
_M1
_UAVAILABLE
_ZAnnex Low-Usage Collection
999 _c48497
_d48497